| 000 | 00452nam a2200181Ia 4500 | ||
|---|---|---|---|
| 008 | 240925s9999 xx 000 0 und d | ||
| 020 | _aNA | ||
| 082 | _a621.381 HUM | ||
| 100 | _aJames, T. Humphries | ||
| 245 | 0 | _aIndustrial Electronics | |
| 250 | _a4th | ||
| 260 |
_aNew Delhi: _bFared Book Depo PVT _cNA |
||
| 300 |
_a434p. _bNa _fOriginal |
||
| 500 | _aIncludes Index | ||
| 600 | _aElectronic Engineering | ||
| 650 | _aTechnology | ||
| 942 | _cBK | ||
| 999 |
_c9163 _d9163 |
||